Loading...

Yadon ka pehla pahar

Bibliographic Details
Main Author: Abhimanyu Unnuth
Format: Printed Book
Published: Delhi: Medha Books, 2005
LEADER 00429nam a22001337a 4500
008 140827b ii||||| |||| 00| 0 hin d
999 |c 248007  |d 248007 
020 |a 8181660927 
100 |a Abhimanyu Unnuth 
245 |a Yadon ka pehla pahar 
260 |a Delhi:  |b Medha Books,  |c 2005 
546 |a in Hindi 
942 |c BK 
952 |0 0  |1 0  |4 0  |6 S_40_000000000000000  |7 0  |9 275345  |a HIN  |b HIN  |c ST1  |d 2017-10-09  |i 25180  |l 0  |o s40  |p HIN25180  |r 2017-10-09  |w 2017-10-09  |y BK